Pollock and Mulla the Sale of Goods Act : (Record no. 140468)

MARC details
000 -LEADER
fixed length control field 00737nam a22002297a 4500
005 - DATE AND TIME OF LATEST TRANSACTION
control field 20170529102750.0
010 ## - LCCN (DPL NO)
LC control number ENG-118425
020 ## - INTERNATIONAL STANDARD BOOK NUMBER
Terms of availability 1195.00
International Standard Book Number 9788131250921
035 ## - SYSTEM CONTROL NUMBER
System control number EN-101957
037 ## - SOURCE OF ACQUISITION
Source of stock number/acquisition DBAD/PUB
082 ## - DEWEY DECIMAL CLASSIFICATION NUMBER
Classification number 346.54072
245 ## - TITLE STATEMENT
Title Pollock and Mulla the Sale of Goods Act :
Statement of responsibility, etc by Frederick Pollock [and] Dinshaw Fardunji Mulla
250 ## - EDITION STATEMENT
Edition statement 10th ed
260 ## - PUBLICATION, DISTRIBUTION, ETC. (IMPRINT)
Place of publication, distribution, etc Gurgaon
Name of publisher, distributor, etc LexisNexis
Date of publication, distribution, etc 2017
270 ## - ADDRESS
Address 14th Floor, Building No.10, Tower-B, DLF Cyber City, Phase II
City Gurgaon
Postal code 122002
300 ## - PHYSICAL DESCRIPTION
Extent cxxii, 515p.
Dimensions 25cm(Hb)
500 ## - GENERAL NOTE
General note Includes index
700 ## - ADDED ENTRY--PERSONAL NAME
Personal name Pollock, Frederick
700 ## - ADDED ENTRY--PERSONAL NAME
Personal name Mulla,Dinshaw Fardunji
700 ## - ADDED ENTRY--PERSONAL NAME
Personal name Sapre Akshay
942 ## - ADDED ENTRY ELEMENTS (KOHA)
Source of classification or shelving scheme Dewey Decimal Classification
Item type English Books
Call number suffix POL
Classification part 346.54072
Holdings
Withdrawn status Lost status Not for loan Collection code Home library Current library Date acquired Source of acquisition Cost, normal purchase price Full call number Barcode Copy number Cost, replacement price Koha item type
    Not For Loan Non-fiction D.B.Act.Division Bawana 29/05/2017 DBAD/PUB 1195.00 346.54072 POL EN-101957 1 1195.00 English Books

© Delhi Public Library
Hit Counter
free hit counter